بابا فریدالدین مسعود گنج شکر (Record no. 329270)

000 -LEADER
fixed length control field nam a22 7a 4500
003 - CONTROL NUMBER IDENTIFIER
control field Nust
005 - DATE AND TIME OF LATEST TRANSACTION
control field 20170502124604.0
008 - FIXED-LENGTH DATA ELEMENTS--GENERAL INFORMATION
fixed length control field 170502b xxu||||| |||| 00| 0 eng d
040 ## - CATALOGING SOURCE
Transcribing agency DLC
082 ## - DEWEY DECIMAL CLASSIFICATION NUMBER
Classification number 923.4 CHU
100 ## - MAIN ENTRY--PERSONAL NAME
Personal name چغتائی،محمد اکرام
245 ## - TITLE STATEMENT
Title بابا فریدالدین مسعود گنج شکر
260 ## - PUBLICATION, DISTRIBUTION, ETC.
Place of publication, distribution, etc. Lahore :
Name of publisher, distributor, etc. Sang e meel Publisher,
300 ## - PHYSICAL DESCRIPTION
Extent 872p. :
942 ## - ADDED ENTRY ELEMENTS (KOHA)
Source of classification or shelving scheme
Koha item type Book
Holdings
Withdrawn status Lost status Source of classification or shelving scheme Damaged status Not for loan Permanent Location Current Location Date acquired Total Checkouts Full call number Barcode Date last seen Price effective from Koha item type
          School of Civil and Environmental Engineering (SCEE) School of Civil and Environmental Engineering (SCEE) 05/02/2017   923.4 CHU NIT-7473 05/02/2017 05/02/2017 Book
© 2023 Central Library, National University of Sciences and Technology. All Rights Reserved.